A paradigmától a lexikonig... Thomas S. Kuhn harmincöt év után

Elmentve itt :
Bibliográfiai részletek
Szerző: Fehér Márta
Adatforrás:Philobibl
Forrásdokumentuma:Replika 27.sz
1997., 29-36. p.
Dokumentumtípus: Cikk
Nyelv:magyar
Kulcsszavak:tudományelmélet
LEADER 00346nab a2200109 c 4500
001 bibDOK00010993
005 20200924120637.7
008 060518s1997 hu hun
100 1 |a Fehér Márta 
245 1 2 |a A paradigmától a lexikonig... Thomas S. Kuhn harmincöt év után  |c Fehér Márta 
695 |a tudományelmélet 
773 0 |t Replika 27.sz  |g 1997., 29-36. p.